000 00656cab a22002055a 4500
001 L154170
008 111024e20111020xxk 000 0 eng d
035 _a(Sirsi) u154170
041 0 _aeng
100 1 _aDennis, Sarah
245 0 0 _aTender prices to edge up in 2012
260 _c2011
490 _aConstruction News
_v(7238) 20 October 2011, 26-27(2)
520 _aSummary of Construction News analysis of tender price forecasts, tables for London and national forecasts 2011-2014.
590 _aKA
651 4 _aUnited Kingdom
_y
690 _aBUILT ENVIRONMENT-CONSTRUCTION MARKET
690 _aBUILT ENVIRONMENT-BUILDING COSTS
942 _n0
999 _c83516
_d83516